000 00337nam a2200133Ia 4500
008 240624s9999 xx 000 0 und d
041 _aeng
082 _a006.76 HAR
100 _aHART CHRIS
245 _aBEGINNING ASP NET 2 0
260 _c2006
_aNew Delhi
_bWiley Dreamtech India
300 _axxiii, : 759 : p. : cm. ; 24
365 _cRS
999 _c3781
_d3781